|
|
|
|
| LEADER |
00000naa2a2200000 4500 |
| 001 |
425842 |
| 005 |
20231101074454.0 |
| 035 |
|
|
|a (RuTPU)RU\TPU\prd\84489
|
| 035 |
|
|
|a RU\TPU\prd\11669
|
| 090 |
|
|
|a 425842
|
| 100 |
|
|
|a 20100623a2003 k y0rusy50 ca
|
| 101 |
0 |
|
|a rus
|
| 102 |
|
|
|a RU
|
| 200 |
1 |
|
|a Индивидуальная инжекция, охлаждение и накопление редких радиоактивных ионов
|f И. Н. Мешков, А. О. Сидорин, А. В. Смирнов и др.
|
| 320 |
|
|
|a Библиогр.: 2 назв.
|
| 461 |
|
1 |
|0 (RuTPU)RU\TPU\prd\33
|x 0004-7163
|t Атомная энергия
|o теоретический и научно-технический журнал
|f Российская академия наук ; Министерство РФ по атомной энергии, ядерного общества
|d 1956-
|
| 463 |
|
1 |
|0 (RuTPU)RU\TPU\prd\84479
|t Т. 94, вып. 1
|v с. 51-54
|d 2003
|
| 610 |
1 |
|
|a индивидуальная инжекция
|
| 610 |
1 |
|
|a радиоактивные ионы
|
| 610 |
1 |
|
|a охлаждение
|
| 610 |
1 |
|
|a накопление
|
| 610 |
1 |
|
|a ионные траектории
|
| 610 |
1 |
|
|a накопительные кольца
|
| 675 |
|
|
|a 621.384.6
|v 3
|
| 701 |
|
1 |
|a Мешков
|b И. Н.
|
| 701 |
|
1 |
|a Сидорин
|b А. О.
|
| 701 |
|
1 |
|a Смирнов
|b А. В.
|
| 701 |
|
1 |
|a Сыресин
|b Е. М.
|
| 701 |
|
1 |
|a Титкова
|b И. В.
|
| 701 |
|
1 |
|a Миттиг
|b В.
|
| 701 |
|
1 |
|a Россель-Шома
|b П.
|
| 712 |
1 |
2 |
|a Российская конференция по ускорителям заряженных частиц
|b Секция "Физика пучков заряженных частиц, динамика частиц в ускорителях и накопителях. Новые методы ускорения. Методы охлаждения заряженных частиц"
|d 18
|e Обнинск
|f 2002
|
| 801 |
|
1 |
|a RU
|b 63413507
|c 20030319
|g PSBO
|
| 801 |
|
2 |
|a RU
|b 63413507
|c 20100623
|g RCR
|
| 942 |
|
|
|c BK
|